00649nam a2200157 a 450000100100000000500170001000800410002704000250006811000880009324500510018126001080023230000200034004900090036095201050036999900170047400003106320200930062700.0110613s1948 dr 000 0 spa d aDO-SdBNPbspacBNPHU1 aRepública DominicanaaConsejo Administrativo del Distrito de Santo Domingo95754010aReglamento Interior :bresolución no. 28/48. aCiudad Trujillo, República Dominicana :bConsejo Administrativo del Distrito de Santo Domingo,c1948. a13 p. ;c23 cm. aBNPD 001050718RVaPDbPDcCTd2011-06-13iLF1l0o p31063-10r2020-06-25w2020-06-25y1ZNo se presta c30555d30555